000 00247nam a2200109Ia 4500
999 _c8800
_d8800
020 _a978-0073376769
100 _aJames A. O' Brien
245 0 _aManagement Information Systems
260 _aNew Delhi
_bPrentice
_c2003
300 _a264
942 _cBK